The birth of the Palestinian refugee problem revisited
Saved in:
| Main Author: | |
|---|---|
| Format: | Book |
| Language: | English |
| Published: |
Cambridge :
Cambridge University Press,
2004
|
| Edition: | 2nd ed. |
| Series: | Cambridge Middle East studies ;
; 18 |
| Subjects: | |
| Tags: |
Add Tag
No Tags, Be the first to tag this record!
|
MARC
| LEADER | 00000nam a2200000 i 4500 | ||
|---|---|---|---|
| 001 | 1/77693 | ||
| 008 | 080318s2004 eng d | ||
| 020 | |a 978-0-521-00967-6 (pbk.) | ||
| 035 | |l 10095544 | ||
| 040 | |a GR-MY-UA |b gre |e aacr | ||
| 041 | 0 | |a eng | |
| 082 | 0 | |a 956.042 |2 (22) | |
| 100 | 1 | |a Morris, Benny |d 1948- | |
| 245 | 1 | 4 | |a The birth of the Palestinian refugee problem revisited / |c Benny Morris |
| 250 | |a 2nd ed. | ||
| 260 | |a Cambridge : |b Cambridge University Press, |c 2004 | ||
| 300 | |a xxii, 640 σ.; |b χάρτες; |c 24 εκ. | ||
| 490 | 1 | |a Cambridge Middle East studies |v ; 18 | |
| 504 | |a Βιβλιογραφία: σ. 609-616 | ||
| 504 | |a Ευρετήριο: σ. 617-640 | ||
| 650 | 0 | 0 | |a Refugees, Arab. |
| 650 | 0 | 0 | |a Palestinian Arabs. |
| 650 | 0 | 0 | |a Israel-Arab War, 1948-1949 |x Refugees. |
| 650 | 0 | 0 | |a Jewish-Arab relations |x History |y 1917-1949. |
| 830 | 0 | |a Cambridge Middle East studies ; |v ; 18 | |
| 852 | |a INST |b LESVOS |e 20080318 |h 956.042 MOR |p 005100039387 |q 005100039387 |t BK |y 0 | ||
| 901 | |a BIBL1-2008-1 | ||
| 909 | |a Λ |b 143102 | ||
| 922 | |a 1ΕΛΗ |b 200712 |c ΕΠΕΑΕΚ2/ΤΚΑ |d ΠΑΠΑΣΩΤΗΡΙΟΥ | ||
| 970 | |a ΚΑΡΑ |b ΓΙΑΣΕΜΗ |z 2008/03/18 | ||